[Event "Koop Tjuchem op"]
[Site "Groningen"]
[Date "1996.??.??"]
[Round "10"]
[White "Zagorskis, Darius"]
[Black "Tella, Jussi"]
[Result "1-0"]
[WhiteElo "2520"]
[BlackElo "2330"]

1.d4 d5 2.c4 c6 3.Nf3 Nf6 4.Nc3 e6 5.e3 Nbd7 6.Qc2 Bd6 7.Be2 O-O 8.O-O e5
9.cxd5 cxd5 10.Nb5 Bb8 11.dxe5 Nxe5 12.Bd2 Bd7 13.Nbd4 Ne4 14.Rfd1 Nxf3+
15.Nxf3 Bg4 16.Bb4 Re8 17.h3 Be6 18.Bb5 Qc8 19.Rac1 Qxc2 20.Rxc2 Rd8 21.Be7 Rc8
22.Rxc8+ Bxc8 23.Rxd5 Bc7 24.Rd4  1-0

[Event "Koop Tjuchem op"]
[Site "Groningen"]
[Date "1996.??.??"]
[Round "10"]
[White "Epishin, Vladimir"]
[Black "Cifuentes Parada, Roberto"]
[Result "1/2-1/2"]
[WhiteElo "2620"]
[BlackElo "2500"]

1.d4 d5 2.c4 c6 3.Nc3 Nf6 4.Nf3 e6 5.e3 Nbd7 6.Qc2 Bd6 7.Bd3 O-O 8.O-O Qe7
9.Bd2 dxc4 10.Bxc4 e5 11.h3 a6 12.Rad1 Bc7 13.Bb3 c5 14.Ng5 Nb6 15.dxc5 Qxc5
16.e4 h6 17.Nf3 Qc6 18.Rc1 Be6 19.Be3 Rac8 20.Nd2 Rfd8 21.Rfd1 Bb8 22.a4  1/2-1/2

[Event "Hafnarfjordur op"]
[Site "Hafnarfjordur"]
[Date "1996.??.??"]
[Round "2"]
[White "Engqvist, Thomas"]
[Black "Thorfinnsson, Bragi"]
[Result "1-0"]
[WhiteElo "2375"]
[BlackElo "2155"]

1.d4 Nf6 2.Nf3 e6 3.c4 d5 4.Nc3 c6 5.e3 Bd6 6.Bd3 Nbd7 7.O-O O-O 8.e4 dxe4
9.Nxe4 Nxe4 10.Bxe4 c5 11.b3 Nf6 12.Bc2 h6 13.Bb2 b6 14.Qd3 cxd4 15.Nxd4 Bb7
16.Rfe1 a6 17.Rad1 Qc7 18.Nb5 Bxh2+ 19.Kh1 Qc6 20.Qh3 axb5 21.Bxf6 gxf6 22.Be4 Qc7
23.Qxh6 Rfd8 24.Bh7+ Kh8 25.Bf5+ Kg8 26.Qh7+ Kf8 27.Qh8+ Ke7 28.Rxe6+  1-0

[Event "Hallsberg op"]
[Site "Hallsberg"]
[Date "1996.??.??"]
[Round "3"]
[White "Doettling, Fabian"]
[Black "Wikstrom, Per"]
[Result "1/2-1/2"]
[WhiteElo "2230"]
[BlackElo "2130"]

1.d4 d5 2.Nf3 c6 3.c4 e6 4.e3 Nf6 5.Nc3 Nbd7 6.Qc2 a6 7.b3 Bd6 8.Be2 O-O
9.O-O h6 10.Bb2 b6 11.e4 dxe4 12.Nxe4 Be7 13.Rad1 Bb7 14.Ne5 Qc7 15.Bf3 Rad8
16.Nxf6+ Nxf6 17.Qe2 Nh7  1/2-1/2

[Event "Hamburg HSK-B"]
[Site "Hamburg"]
[Date "1996.??.??"]
[Round "3"]
[White "Gustafsson, Jan"]
[Black "Murdzia, Piotr"]
[Result "1/2-1/2"]
[WhiteElo "2340"]
[BlackElo "2360"]

1.d4 d5 2.c4 c6 3.Nc3 Nf6 4.e3 e6 5.Nf3 Nbd7 6.Bd3 dxc4 7.Bxc4 b5 8.Be2 a6
9.e4 b4 10.e5 bxc3 11.exf6 Nxf6 12.bxc3 Bd6 13.Nd2 O-O 14.Nc4 Be7 15.Ne5 Qc7
16.Bf3 Bb7 17.Bf4 Bd6 18.O-O Nd5 19.Bxd5 cxd5 20.Qd2 a5 21.Rfe1 Rac8 22.Rac1 Ba6
23.Bg3 Ba3 24.Ng6  1/2-1/2

[Event "Helsinki-ch "]
[Site "Helsinki"]
[Date "1996.??.??"]
[Round "?"]
[White "Norri, Joose"]
[Black "Salmensuu, Olli"]
[Result "1-0"]
[WhiteElo "2365"]
[BlackElo "2280"]

1.d4 d5 2.c4 c6 3.Nf3 e6 4.e3 Nf6 5.Nc3 Nbd7 6.Qc2 b6 7.Bd3 Bb7 8.O-O Bd6
9.cxd5 cxd5 10.Nb5 Bb8 11.b3 a6 12.Nc3 Bd6 13.e4 dxe4 14.Nxe4 Nxe4 15.Bxe4 Rc8
16.Qe2 Bxe4 17.Qxe4 O-O 18.Bg5 Be7 19.Bxe7 Qxe7 20.Qb7 Qd6 21.Qxa6 Rc7 22.Rac1 Rfc8
23.Qxc8+ Rxc8 24.Rxc8+ Nf8 25.Rfc1 g5 26.Nxg5 Qxd4 27.Nxh7 Kxh7 28.Rxf8 Kg7
29.Rfc8 Qd2 30.a4 e5 31.h3 e4 32.R8c2 Qd4 33.Re1 Qd3 34.Rce2 f5 35.Re3 Qd4
36.g4 Kf6 37.gxf5 Qd5 38.Rc1 b5 39.axb5 Qxb5 40.Rc4 Kxf5 41.Rcxe4 Qc6 42.b4 Qb6
43.b5 Qb7 44.Re7 Qb6 45.R7e6 Qb7 46.b6 Qg7+ 47.Kh2 Qb2 48.Re2 Qc1 49.b7 Qc7+
50.R2e5+ Kf4 51.Re7 Qb6 52.Re3  1-0

[Event "FIN-ch"]
[Site "Helsinki"]
[Date "1996.??.??"]
[Round "4"]
[White "Yrjola, Jouni"]
[Black "Tella, Jussi"]
[Result "1/2-1/2"]
[WhiteElo "2460"]
[BlackElo "2310"]

1.c4 e6 2.Nf3 Nf6 3.d4 d5 4.Nc3 c6 5.e3 Nbd7 6.Qc2 Bd6 7.Be2 O-O 8.O-O e5
9.cxd5 cxd5 10.dxe5 Nxe5 11.Qb3 Bg4 12.Nxe5 Bxe5 13.Bxg4 Nxg4 14.h3 Nf6 15.Bd2 Qe7
16.Nb5 Rfd8 17.Bb4 Qe6 18.Bc3 Bb8 19.Nd4 Qd7 20.Nf3 Ne4 21.Rfd1 Bd6 22.Bd4 b6
23.Rac1 Rac8 24.Kf1 Rxc1 25.Rxc1 Bc5 26.Rd1 h6 27.Kg1 Qc6 28.Rc1 Qd7 29.a3 a5
30.Qd3 a4 31.Qa6 Rb8 32.Rd1 Rd8 33.Be5 Re8 34.Qd3 Rd8 35.Qa6 Re8 36.Bd4 Rd8
37.Rc1 Rb8 38.Ne5 Qe8 39.Nf3 Qd7 40.Qd3 Rd8 41.Qa6 Rb8  1/2-1/2

[Event "FIN-ch"]
[Site "Helsinki"]
[Date "1996.??.??"]
[Round "5"]
[White "Norri, Joose"]
[Black "Tella, Jussi"]
[Result "1-0"]
[WhiteElo "2365"]
[BlackElo "2310"]

1.d4 d5 2.c4 c6 3.Nc3 Nf6 4.Nf3 e6 5.e3 Nbd7 6.Bd3 dxc4 7.Bxc4 b5 8.Bd3 Bb7
9.e4 b4 10.Na4 c5 11.e5 Bxf3 12.Qxf3 Nd5 13.Nxc5 Bxc5 14.dxc5 O-O 15.O-O Nxe5
16.Bxh7+ Kxh7 17.Qh5+ Kg8 18.Qxe5 Rc8 19.Be3 Nxe3 20.fxe3 Qc7 21.Qxc7 Rxc7
22.Rac1 Rfc8 23.Rf4 Rxc5 24.Rxc5 Rxc5 25.Rxb4 Rc2 26.h3 a5 27.Rb7 a4 28.a3 f5
29.Kh2 Re2 30.Rb4 Kf7 31.Kg3 Rxe3+ 32.Kf2 Rd3 33.Ke2 Rg3 34.Kf1 e5 35.Rxa4 Kf6
36.Rb4 Rd3 37.Ke2 Rd8 38.a4 Ra8 39.b3 e4 40.Ke3 Kg5 41.Rb5 Rc8 42.Rb7 g6
43.a5 Rc3+ 44.Kd4 Rg3 45.a6 Rxg2 46.Rb5 Rd2+ 47.Ke3 Rd3+ 48.Ke2 Rd8 49.a7 Ra8
50.Rb7 f4 51.b4 e3 52.b5 Rd8 53.Rf7 Rd2+ 54.Ke1 Ra2 55.b6 Ra1+ 56.Ke2 Ra2+
57.Kd1 Ra1+ 58.Kc2 e2 59.Re7 f3 60.b7 Rc1+ 61.Kxc1 f2 62.b8=Q e1=Q+ 63.Kc2 Qxe7
64.Qb5+ Kh6 65.a8=Q  1-0

[Event "ROM-chT"]
[Site "Herculane"]
[Date "1996.??.??"]
[Round "?"]
[White "Neamtu, Serban"]
[Black "Szuhanek, Ranko"]
[Result "1-0"]
[WhiteElo "2300"]
[BlackElo "2385"]

1.Nf3 d5 2.c4 c6 3.e3 Nf6 4.Nc3 e6 5.d4 Nbd7 6.Bd3 dxc4 7.Bxc4 b5 8.Bd3 a6
9.e4 c5 10.e5 cxd4 11.Nxb5 axb5 12.exf6 gxf6 13.O-O Qb6 14.Be4 Bb7 15.Bxb7 Qxb7
16.Nxd4 Bc5 17.Be3 Rg8 18.f3 Qb6 19.Qd2 Ra4 20.Nc2 Rc4 21.Kh1 Rxc2 22.Qxc2 Bxe3
23.Qc8+ Qd8 24.Qc6 Qb6 25.Qc8+ Qd8 26.Qc6 Rg5 27.a4 Rc5 28.Qe4 Re5 29.Qc6 Qb6
30.Qc8+ Qd8 31.Qc6 Qb6 32.Qc8+ Ke7 33.Rfd1 Rd5 34.a5 Qb8 35.Qc3 Qe5 36.Rxd5 exd5
37.Qb4+ Bc5 38.Qxb5 Bd6 39.g3 d4 40.Qb7 d3 41.a6 d2 42.Qe4 Qxe4 43.fxe4 Bc5
44.Kg2 Ba7 45.Rd1 Nc5 46.Rxd2 Nxa6 47.Rd5 Be3 48.Kf3 Bc1 49.Rb5 Bd2 50.Ke2 Bh6
51.Rb7+ Kf8 52.b4 Ke8 53.Kd3 Bf8 54.Kc4 Kd8 55.b5 Nc7 56.b6 Ne6 57.Rxf7 Bd6
58.Kd5 Ng5 59.Rg7 Be5 60.Rxg5  1-0

[Event "Hofbieber op"]
[Site "Hofbieber"]
[Date "1996.??.??"]
[Round "4"]
[White "Huss, Rolf"]
[Black "Stockmann, Michael"]
[Result "1/2-1/2"]
[WhiteElo "2255"]
[BlackElo "2120"]

1.d4 c6 2.c4 Nf6 3.Nf3 d5 4.Nc3 e6 5.e3 Nbd7 6.Qc2 Bd6 7.Be2 O-O 8.O-O Qe7
9.Rd1 dxc4 10.Bxc4 b5 11.Bd3 Bb7 12.Ne4 Nxe4 13.Bxe4 f5 14.Bd3 Rac8 15.e4 c5
16.Qe2 e5 17.dxe5 Nxe5 18.Nxe5 Bxe5 19.Bxb5  1/2-1/2

[Event "NLD-chT9697"]
[Site "Holland"]
[Date "1996.??.??"]
[Round "?"]
[White "Hoeksema, Hendrik Pieter"]
[Black "Kroeze, Frank M"]
[Result "1/2-1/2"]
[WhiteElo "2405"]
[BlackElo "2390"]

1.d4 d5 2.c4 c6 3.Nc3 e6 4.e3 Nf6 5.Nf3 Nbd7 6.Qc2 Bd6 7.b3 O-O 8.Be2 e5
9.cxd5 Nxd5 10.Nxd5 cxd5 11.dxe5 Nxe5 12.Bb2 Bb4+  1/2-1/2

[Event "NLD-chT9697"]
[Site "Holland"]
[Date "1996.??.??"]
[Round "?"]
[White "De Boer, Sybolt"]
[Black "Thesing, Matthias"]
[Result "1-0"]
[WhiteElo "2250"]
[BlackElo "2415"]

1.d4 d5 2.c4 e6 3.Nf3 Nf6 4.Nc3 c6 5.e3 Nbd7 6.Qc2 Bd6 7.b3 O-O 8.Be2 a6
9.O-O e5 10.cxd5 cxd5 11.dxe5 Nxe5 12.Bb2 Be6 13.Rac1 Rc8 14.Qb1 Nc6 15.Ng5 h6
16.Nxe6 fxe6 17.e4 d4 18.Na4 Nd7 19.e5 Bxe5 20.Ba3 Rf6 21.g3 Bb8 22.Qe4 Qa5
23.Bc5 Re8 24.f4 Rf5 25.Bc4 Rxc5 26.Qg6 Re7 27.Bxe6+ Kh8 28.Nxc5 Nxc5 29.Bf5 Kg8
30.Qh7+ Kf8 31.Bg6 Rd7 32.Rce1 Ne7 33.Qh8+  1-0

[Event "Hrabyne op"]
[Site "Hrabyne"]
[Date "1996.??.??"]
[Round "3"]
[White "Stransky, Lubomir"]
[Black "Sembera, M."]
[Result "0-1"]
[WhiteElo "2085"]
[BlackElo "1930"]

1.d4 d5 2.c4 e6 3.Nc3 Nf6 4.Nf3 c6 5.e3 Nbd7 6.Bd3 Bd6 7.O-O O-O 8.e4 dxe4
9.Nxe4 Nxe4 10.Bxe4 Nf6 11.Bc2 h6 12.h3 b6 13.b3 Qc7 14.Bb2 Rd8 15.Qe2 a5
16.Ne5 Bb7 17.Rad1 Qe7 18.Rd3 c5 19.dxc5 Bxc5 20.Rg3 Bd4 21.Bc1 Kh8 22.Nf3 Bxf3
23.Rxf3 e5 24.Rd3 Qc5 25.Rf3 Qe7 26.Rd3 Ra7 27.Rfd1 Rad7 28.Be3 Qc5  0-1

[Event "HUN-chT1 9596"]
[Site "HUN"]
[Date "1996.??.??"]
[Round "7"]
[White "Seres, Lajos"]
[Black "Bernei, Andras"]
[Result "1/2-1/2"]
[WhiteElo "2430"]
[BlackElo "2325"]

1.d4 d5 2.c4 c6 3.Nf3 e6 4.e3 Nf6 5.Nc3 Nbd7 6.Bd3 Bd6 7.O-O O-O 8.e4 dxe4
9.Nxe4 Nxe4 10.Bxe4 h6 11.Bc2 e5 12.Qd3 f5 13.c5 Bc7 14.Qe2 e4 15.Bb3+ Kh8
16.Ng5 Nf6 17.Nf7+ Rxf7 18.Bxf7 Qxd4 19.Qc4 Qd7 20.f4 Nd5 21.Bxd5 cxd5 22.Qd4 b6
23.Rd1 Bb7 24.Be3 bxc5 25.Qxc5 Bb6 26.Qc3 Rc8 27.Qd2 d4 28.Bxd4 Rd8 29.Bxb6 Qxd2
30.Rxd2 Rxd2 31.Bxa7 e3 32.Bxe3 Rxg2+ 33.Kf1  1/2-1/2

[Event "HUN-chT1 9596"]
[Site "HUN"]
[Date "1996.??.??"]
[Round "8"]
[White "Dao Thien Hai"]
[Black "Wells, Peter K"]
[Result "1/2-1/2"]
[WhiteElo "2480"]
[BlackElo "2530"]

1.d4 d5 2.c4 e6 3.Nc3 c6 4.e3 Nf6 5.Nf3 Nbd7 6.Qc2 Bd6 7.b3 O-O 8.Be2 b6
9.O-O Bb7 10.Bb2 Qe7 11.Rfd1 Rfe8 12.Rac1 Rad8 13.h3 h6 14.Bd3 Bb8 15.Qe2 dxc4
16.Bxc4 e5 17.a4 exd4 18.exd4 Qxe2 19.Nxe2 Ne4 20.b4 Bd6 21.b5 c5 22.Ne5 Nxe5
23.dxe5 Bc7 24.e6 fxe6 25.Rxd8 Rxd8 26.Bxe6+ Kf8 27.Ba1 Rd2 28.Kf1 a6 29.Ke1 axb5
30.axb5 Rd8 31.f3 Nd6 32.Nf4 Nxb5 33.Ng6+ Ke8 34.Kf1 Nd4 35.Bc4 Bg3 36.Rb1 Rd6
37.Nh8 Nc2 38.Ke2 Nxa1 39.Rxa1 Be5 40.Nf7 Bxa1 41.Nxd6+ Kd7 42.Nxb7 Bf6 43.Bd5 Kc7
44.f4 c4 45.Kd2 c3+ 46.Kd3 Kd7 47.g4 Kc7 48.Be4 Kd7 49.g5 hxg5 50.fxg5 Bxg5
51.Kxc3 Kc7 52.Bd5 Bf6+ 53.Kd3 Kd7 54.Ke4 Kc7 55.Kf5 Kd7 56.Be4 Bd4 57.h4 Bf6
58.h5 Bd4 59.Kg6 Bc3 60.Kf7 Bd4 61.Bg2 Bc3 62.Kg6 Bd4 63.Kf5 Bb2 64.Bf3 Bc3
65.Ke4 Kc7 66.Kd5 Kxb7 67.Kc4+ Kc7 68.Kxc3 Kd6 69.Kd4 Ke6 70.Be4 Kd6 71.Kc4 Ke5
72.Bg6 Kd6 73.Kb5 Kc7 74.Be4 Kd6 75.Kxb6 Kd7 76.Kc5 Ke6 77.Kd4 Kf7 78.Bd5+ Kf6
79.Ke3 g5 80.Kf3 Kg7  1/2-1/2

[Event "HUN-chT1 9596"]
[Site "HUN"]
[Date "1996.??.??"]
[Round "9"]
[White "Horvath, Gyula"]
[Black "Csom, Istvan"]
[Result "1/2-1/2"]
[WhiteElo "2455"]
[BlackElo "2455"]

1.Nf3 Nf6 2.c4 e6 3.Nc3 d5 4.d4 c6 5.e3 Nbd7 6.Bd3 Bd6 7.e4 dxe4 8.Nxe4 Nxe4
9.Bxe4 Bb4+ 10.Bd2 Qa5 11.a3 Bxd2+ 12.Qxd2 Qxd2+ 13.Kxd2 c5 14.dxc5 Nxc5
15.Bc2 Ke7 16.Kc3 Bd7 17.b4 Na4+  1/2-1/2

[Event "HUN-chT1 9697"]
[Site "Hungary"]
[Date "1996.??.??"]
[Round "1"]
[White "Chernin, Alexander"]
[Black "Wells, Peter K"]
[Result "1-0"]
[WhiteElo "2595"]
[BlackElo "2495"]

1.c4 e6 2.Nc3 d5 3.d4 c6 4.e3 Nf6 5.Nf3 Nbd7 6.Bd3 dxc4 7.Bxc4 b5 8.Bd3 a6
9.e4 c5 10.e5 cxd4 11.Nxb5 Nxe5 12.Nxe5 axb5 13.Bxb5+ Bd7 14.Nxd7 Qa5+ 15.Bd2 Qxb5
16.Nxf8 Rxf8 17.a4 Qd3 18.Qe2 Qe4 19.f3 Qxe2+ 20.Kxe2 Kd7 21.Kd3 e5 22.b4 Ke6
23.Rhc1 Nd7 24.a5 Rfb8 25.Rc7 f5 26.Rac1 Ra6 27.Rc8 Rxc8 28.Rxc8 Kd5 29.b5 e4+
30.Ke2 Rg6 31.g3 e3 32.Bb4 f4 33.a6 Rh6 34.gxf4 Rxh2+ 35.Kd3 Rb2 36.a7 Nb6
37.Rc5+ Ke6 38.Rc6+  1-0

[Event "HUN-chT1 9697"]
[Site "Hungary"]
[Date "1996.??.??"]
[Round "2"]
[White "Sapi, Laszlo"]
[Black "Rozgonyi, Aron"]
[Result "1-0"]
[WhiteElo "2280"]
[BlackElo "2125"]

1.d4 d5 2.c4 c6 3.Nc3 Nf6 4.Nf3 e6 5.e3 Nbd7 6.Bd3 Bd6 7.O-O O-O 8.e4 dxe4
9.Nxe4 Nxe4 10.Bxe4 Nf6 11.Bc2 c5 12.Bg5 h6 13.Bh4 Be7 14.Qd3 g6 15.Rad1 Nd7
16.Bg3 Qb6 17.b3 Re8 18.Rfe1 Bf6 19.h4 Nf8 20.h5 cxd4 21.hxg6 Nxg6 22.Nxd4 Rd8
23.c5 Qb4 24.Bd6 Bd7 25.Re4 Qa5 26.Rg4 Be8 27.Nxe6 Rd7 28.Nf4 Bg7 29.Nh5 Rad8
30.Nxg7 Kxg7 31.Qd4+ Kh7 32.Rh4 Qxa2 33.Qd2 Kg8 34.Rxh6 Qb2 35.Bf5 Qxb3 36.Re1 Kg7
37.Rh3 Rxd6 38.Qh6+ Kg8 39.Rxb3  1-0

[Event "HUN-chT1 9697"]
[Site "Hungary"]
[Date "1996.??.??"]
[Round "4"]
[White "Horvath, Csaba"]
[Black "Cosma, Ioan"]
[Result "1-0"]
[WhiteElo "2540"]
[BlackElo "2420"]

1.d4 d5 2.c4 c6 3.Nf3 Nf6 4.Nc3 e6 5.e3 Nbd7 6.Bd3 dxc4 7.Bxc4 b5 8.Bd3 a6
9.e4 c5 10.d5 c4 11.dxe6 fxe6 12.Bc2 Qc7 13.O-O Bb7 14.Ng5 Nc5 15.e5 Qc6
16.f3 Nfd7 17.Qe2 Be7 18.Kh1 g6 19.Nce4 O-O 20.Nxc5 Nxc5 21.Be3 Nd3 22.Bxd3 cxd3
23.Qxd3 Rf5 24.Ne4 Rxe5 25.Rac1 Qe8 26.Bd4 Qd8 27.Rfd1 Rf5 28.Qe2 Bd5 29.Nc3 Qd7
30.Be5 Rc8 31.f4 Rc4 32.Nxd5 exd5 33.Rxc4 bxc4 34.Qxc4 dxc4 35.Rxd7 Bb4 36.Rg7+ Kf8
37.Rxh7  1-0

[Event "HUN-chT1 9697"]
[Site "Hungary"]
[Date "1996.??.??"]
[Round "4"]
[White "Chernin, Alexander"]
[Black "Pinter, Jozsef"]
[Result "1-0"]
[WhiteElo "2595"]
[BlackElo "2560"]

1.d4 Nf6 2.c4 e6 3.Nf3 d5 4.Nc3 c6 5.e3 Nbd7 6.Bd3 dxc4 7.Bxc4 b5 8.Bd3 Bb7
9.O-O a6 10.e4 c5 11.d5 c4 12.dxe6 fxe6 13.Bc2 Qc7 14.Nd4 Nc5 15.Be3 O-O-O
16.Qe2 e5 17.Nf3 Ne6 18.Rad1 Bc5 19.Nd5 Nxd5 20.exd5 Nf4 21.Bxf4 exf4 22.Bf5+ Kb8
23.Be6 Rhe8 24.Qc2 g6 25.Ng5 Re7 26.a4 Bd6 27.axb5 axb5 28.Bg4 Qb6 29.Ne6 Rde8
30.b3 cxb3 31.Qxb3 b4 32.Nd4 Bc5 33.Nc6+ Bxc6 34.dxc6 Bxf2+ 35.Kh1 Bc5 36.Bf3 Rc7
37.Qc4 Re3 38.Rd8+ Rc8 39.Qxf4+ Qc7 40.Rxc8+ Kxc8 41.Qc4 Qe5 42.Qa6+ Kd8
43.Qb7 Rd3 44.Bd5 Rxd5 45.c7+ Qxc7 46.Qxd5+ Qd6 47.Qa8+ Kd7 48.Rf7+  1-0

[Event "HUN-chT1 9697"]
[Site "Hungary"]
[Date "1996.??.??"]
[Round "6"]
[White "Bagonyai, Attila"]
[Black "Egedi, Istvan"]
[Result "1/2-1/2"]
[WhiteElo "2260"]
[BlackElo "2305"]

1.Nf3 d5 2.c4 c6 3.d4 Nf6 4.Nc3 e6 5.e3 Nbd7 6.Bd3 Bd6 7.O-O O-O 8.e4 dxc4
9.Bxc4 e5 10.Bg5 h6 11.Bh4 b5 12.Be2 a6 13.a3 Bb7 14.Bg3 Qb8 15.dxe5 Nxe5
16.Nh4 Rd8 17.Qc2 Neg4 18.Nf5 Bxg3 19.Nxg3 c5 20.Nd5  1/2-1/2

[Event "Imperia op"]
[Site "Imperia"]
[Date "1996.??.??"]
[Round "1"]
[White "Etchegaray, Patrice"]
[Black "Astengo, Marcello"]
[Result "1-0"]
[WhiteElo "2295"]
[BlackElo "2115"]

1.d4 d5 2.c4 c6 3.Nf3 Nf6 4.Nc3 e6 5.e3 Nbd7 6.Bd3 dxc4 7.Bxc4 b5 8.Bd3 a6
9.e4 Bb7 10.e5 Nd5 11.a4 N7b6 12.Bg5 Qd7 13.a5 Nxc3 14.bxc3 Na4 15.Qd2 c5
16.O-O h6 17.Be3 g5 18.h3 Rg8 19.Nh2 h5 20.f3 Be7 21.Rfc1 Rd8 22.Be2 Qc7
23.Qc2 f5 24.exf6 Bxf6 25.Qb3 Kf7 26.Nf1 cxd4 27.cxd4 Qxa5 28.Qc2 Rg7 29.Ng3 Rc8
30.Qb1 Rxc1+ 31.Qxc1 h4 32.Nh5 Rg6 33.Bd3 Rg8 34.Bh7 Rh8 35.Qb1 Ke7 36.Nxf6 Kxf6
37.Qg6+ Ke7 38.Qg7+  1-0

[Event "Imperia op"]
[Site "Imperia"]
[Date "1996.??.??"]
[Round "1"]
[White "Ortega, Lexy"]
[Black "Wagman, Stuart"]
[Result "1-0"]
[WhiteElo "2495"]
[BlackElo "2195"]

1.d4 d5 2.c4 c6 3.Nc3 Nf6 4.e3 e6 5.Nf3 Nbd7 6.Qc2 Bd6 7.Bd2 O-O 8.O-O-O a6
9.c5 Bc7 10.e4 e5 11.dxe5 Nxe5 12.exd5 Nxf3 13.gxf3 Nxd5 14.Rg1 Qh4 15.Kb1 Be6
16.Ne4 Bf4 17.Ba5 Rfe8 18.a3 Bf5 19.Bd3 Re5 20.Nd6 Bxd3 21.Rxd3 Qxh2 22.Rdd1 Rh5
23.Ne4 Qh3 24.Qb3 Qc8 25.Ka1 Rf5 26.Rd3 Be5 27.Rgd1 h6 28.Nc3 Qe6 29.Nxd5 cxd5
30.Rxd5 Re8 31.Ka2 Qf6 32.Qxb7 Rxf3 33.Rd8 Rxd8 34.Rxd8+ Kh7 35.Qe4+ g6 36.Rd2 Qe6+
37.Kb1 Rf4 38.Qd5 Qf5+ 39.Ka2 h5 40.c6 h4 41.c7 Bxc7 42.Qxf5 Rxf5 43.Bxc7 h3
44.b4 Rf3 45.a4 f5 46.Bh2  1-0

[Event "Imperia op"]
[Site "Imperia"]
[Date "1996.??.??"]
[Round "6"]
[White "Plesek, Jiri"]
[Black "Dinser, Hans"]
[Result "1-0"]
[WhiteElo "2290"]
[BlackElo "2165"]

1.d4 Nf6 2.Nf3 d5 3.e3 c6 4.c4 e6 5.Nc3 Bd6 6.Be2 Nbd7 7.O-O O-O 8.Qc2 dxc4
9.a4 Re8 10.Bxc4 Nf8 11.e4 Be7 12.Be3 a5 13.Rad1 Qc7 14.Ba2 Qb8 15.Ne5 Ng6
16.f4 Nxe5 17.fxe5 Ng4 18.Bf4 b5 19.Qe2 b4 20.Qxg4 bxc3 21.Rd3 Qxb2 22.Bh6 g6
23.Qf4  1-0

[Event "Chess.net m1 blitz"]
[Site "Internet"]
[Date "1996.??.??"]
[Round "4"]
[White "Karpov, Anatoly"]
[Black "Kaidanov, Grigory S"]
[Result "1-0"]
[WhiteElo "2775"]
[BlackElo "2580"]

1.d4 d5 2.c4 c6 3.Nf3 Nf6 4.Nc3 e6 5.e3 Nbd7 6.Qc2 b6 7.cxd5 cxd5 8.Bd3 Bb7
9.O-O Be7 10.Bd2 O-O 11.Rfc1 a6 12.Ne2 Qb8 13.Qb3 Ne4 14.Bb4 Bd6 15.Rc2 Rc8
16.Rxc8+ Qxc8 17.Rc1 Qf8 18.Rc7 Bxb4 19.Rxb7 Nef6 20.Ne5 Nxe5 21.dxe5 Ng4
22.Rxb6 a5 23.a3 Bc5 24.Rb5 g6 25.Qc3 Rc8 26.Qxa5 Qh6 27.h3 Nxf2 28.Rxc5 Qxe3
29.Rxc8+ Kg7 30.Qc5 Nxh3+ 31.Kh2  1-0

[Event "Ischia"]
[Site "Ischia"]
[Date "1996.??.??"]
[Round "7"]
[White "Sadler, Matthew"]
[Black "Khenkin, Igor"]
[Result "1/2-1/2"]
[WhiteElo "2600"]
[BlackElo "2575"]

1.d4 d5 2.c4 c6 3.Nf3 Nf6 4.Nc3 e6 5.e3 Nbd7 6.Bd3 Bd6 7.O-O O-O 8.e4 dxc4
9.Bxc4 e5 10.Bg5 Qe7 11.d5 h6 12.dxc6  1/2-1/2

[Event "Isle of Man op"]
[Site "Isle of Man"]
[Date "1996.??.??"]
[Round "6"]
[White "Buckley, Graeme"]
[Black "Hector, Jonny"]
[Result "1/2-1/2"]
[WhiteElo "2370"]
[BlackElo "2525"]

1.d4 d5 2.c4 e6 3.Nf3 Nf6 4.Nc3 c6 5.e3 Nbd7 6.Qc2 Bd6 7.Be2 e5 8.cxd5 cxd5
9.dxe5 Nxe5 10.O-O a6 11.Rd1 Qc7 12.Qa4+ Bd7 13.Qh4 Bc6 14.b3 Nxf3+ 15.Bxf3 g5
16.Qxg5 Bxh2+ 17.Kh1 Be5 18.Bb2 Rg8 19.Nxd5 Rxg5 20.Nxc7+ Bxc7 21.Bxc6+ bxc6
22.Bxf6 Rf5 23.Bh4 Rh5 24.g3 Bd8 25.Rd4 Bxh4 26.gxh4 c5 27.Re4+ Kd7 28.Rd1+ Kc6
29.Kg2 Rg8+ 30.Kf3 Rf5+ 31.Rf4 Rxf4+ 32.Kxf4 h5 33.f3 Rg2 34.a4 Rc2 35.e4 Rc3
36.Rd5 Rxb3 37.Rxh5 c4 38.Rh6+ Kc5 39.Rxa6 c3 40.Ra8 Kc4 41.Ke3 Rb1 42.Rc8+ Kb3
43.Rb8+ Ka2 44.Rc8 Kb3 45.Rb8+ Ka2 46.Rc8  1/2-1/2

[Event "Isle of Man op"]
[Site "Isle of Man"]
[Date "1996.??.??"]
[Round "6"]
[White "Tkachiev, Vladislav"]
[Black "Novikov, Igor A"]
[Result "1/2-1/2"]
[WhiteElo "2620"]
[BlackElo "2585"]

1.d4 d5 2.c4 e6 3.Nc3 c6 4.e3 Nf6 5.Nf3 Nbd7 6.Bd3 dxc4 7.Bxc4 b5 8.Bd3 Bb7
9.O-O b4 10.Ne4 Be7 11.a3 bxa3 12.Nxf6+ Nxf6 13.bxa3 O-O 14.Rb1 Qc7 15.e4 c5
16.Bf4 Qc8 17.Qe2 c4 18.Bc2 Bxa3 19.e5  1/2-1/2

[Event "ISR-chT"]
[Site "Israel"]
[Date "1996.??.??"]
[Round "1"]
[White "Sorkin, Igor"]
[Black "Wapner, Jonathan"]
[Result "1/2-1/2"]
[WhiteElo "2290"]
[BlackElo "2235"]

1.d4 d5 2.c4 c6 3.Nf3 Nf6 4.Nc3 e6 5.e3 Nbd7 6.Bd3 dxc4 7.Bxc4 b5 8.Bd3 a6
9.e4 c5 10.d5 c4 11.Bc2 Qc7 12.dxe6 fxe6 13.O-O Bc5 14.Qe2 Ne5 15.Nxe5 Qxe5
16.Kh1 O-O 17.f4 Qh5 18.Qxh5 Nxh5 19.Bd1 Nf6 20.e5 Nd5 21.Bf3 Bb7 22.Ne4 Be7
23.Bg4 Nc7 24.Nd6 Bd5 25.f5 exf5 26.Nxf5 Bc5 27.Bg5  1/2-1/2

[Event "ISR-chT"]
[Site "Israel"]
[Date "1996.??.??"]
[Round "1"]
[White "Zilberman, Yaacov"]
[Black "Bykhovsky, Avigdor"]
[Result "1/2-1/2"]
[WhiteElo "2485"]
[BlackElo "2405"]

1.d4 d5 2.c4 c6 3.e3 Nf6 4.Nc3 e6 5.Nf3 Nbd7 6.Bd3 dxc4 7.Bxc4 b5 8.Be2 Bb7
9.O-O a6 10.e4 c5 11.e5 Nd5 12.Bg5 Nxc3 13.bxc3 Be7 14.Bxe7 Qxe7 15.a4 b4
16.cxb4 cxb4 17.a5 O-O 18.Qa4 Bd5 19.Rac1 Ra7 20.g3 f6 21.Rfe1 Qf7 22.Rf1 Qh5
23.Qd1 fxe5 24.Nxe5 Qh3 25.Bf3 Bxf3 26.Nxf3 Qf5 27.Nd2 Qxa5 28.Qb3 Qd5 29.Qxb4 Rb8
30.Qa4 a5 31.Rb1 Rab7 32.Rxb7 Rxb7 33.Ra1 Rb4 34.Qxa5 Rxd4 35.Qxd5 Rxd5 36.Ne4 h6
37.Ra7 Nc5 38.Nxc5 Rxc5 39.Kg2 Kf8 40.h4 Rc3  1/2-1/2

[Event "ISR-chT"]
[Site "Israel"]
[Date "1996.??.??"]
[Round "2"]
[White "Golod, Vitali"]
[Black "Zifroni, Dov"]
[Result "0-1"]
[WhiteElo "2555"]
[BlackElo "2455"]

1.d4 d5 2.c4 c6 3.Nf3 Nf6 4.Nc3 e6 5.e3 Nbd7 6.Bd3 dxc4 7.Bxc4 b5 8.Bd3 a6
9.e4 c5 10.d5 Qc7 11.O-O Bb7 12.Re1 c4 13.Bc2 Bc5 14.Qe2 Ng4 15.Nd1 O-O-O
16.h3 h5 17.dxe6 fxe6 18.Bg5 Rdf8 19.e5 Rxf3 20.gxf3 Ngxe5 21.Bf4 Bd6 22.Be4 Rf8
23.Qe3 Bxe4 24.fxe4 Bc5 25.Bxe5 Nxe5 26.Qc3 Nd3 27.Ne3 Rxf2 28.e5 Rxb2 29.Rad1 b4  0-1

[Event "ISR-chT"]
[Site "Israel"]
[Date "1996.??.??"]
[Round "10"]
[White "Lahav, Ehud"]
[Black "Soffer, Ram"]
[Result "1/2-1/2"]
[WhiteElo "2365"]
[BlackElo "2530"]

1.d4 Nf6 2.Nf3 d5 3.c4 e6 4.Nc3 c6 5.e3 Nbd7 6.Bd3 dxc4 7.Bxc4 b5 8.Bd3 a6
9.a4 b4 10.Ne4 Be7 11.Ned2 c5 12.Qe2 Bb7 13.a5 O-O 14.O-O Qb8 15.Nc4 Be4
16.Bd2 Qb7 17.Rfc1 Rfd8 18.Bxe4 Nxe4 19.Be1 cxd4 20.exd4 Nef6 21.b3 Qb5 22.Rc2 Rac8
23.Raa2 Nd5 24.g3 Nb8 25.Kf1 Qb7 26.Kg1 Nc6 27.Qe4 Qb5 28.Qe2 Bf6 29.Qe4 Nc3
30.Bxc3 bxc3 31.Rxc3 Nxd4 32.Nxd4 Rxd4 33.Qe2 Rcd8 34.Rf3 Qb7 35.Rc2 Rd1+
36.Kg2 R1d3 37.Nd2 Be7 38.Qe4 Qxe4 39.Nxe4 f5 40.Rxd3 Rxd3 41.Rc8+ Kf7 42.Nc5 Rc3
43.b4 Bxc5 44.bxc5 Ra3 45.c6 Rxa5 46.Ra8 Rc5 47.Rxa6 Kf6 48.h4 h6 49.f4 g6
50.Kf3 Rc3+  1/2-1/2

[Event "Jakarta"]
[Site "Jakarta"]
[Date "1996.??.??"]
[Round "?"]
[White "Tkachiev, Vladislav"]
[Black "Handoko, Edhi"]
[Result "1/2-1/2"]
[WhiteElo "2620"]
[BlackElo "2475"]

1.d4 d5 2.c4 c6 3.Nc3 Nf6 4.e3 e6 5.Nf3 Nbd7 6.Bd3 Bd6 7.e4 dxe4 8.Nxe4 Nxe4
9.Bxe4 Nf6 10.Bc2 c5 11.O-O h6 12.dxc5 Bxc5 13.Qe2 O-O 14.Bd2 b6 15.b4 Be7
16.Bc3 Bb7 17.Ne5 Qc7 18.f4 b5 19.Kh1 bxc4 20.Nxc4 Rfd8 21.f5 e5 22.Bxe5  1/2-1/2

[Event "Jakarta Gunadarma"]
[Site "Jakarta"]
[Date "1996.??.??"]
[Round "2"]
[White "Ftacnik, Lubomir"]
[Black "Liu Dede"]
[Result "1/2-1/2"]
[WhiteElo "2610"]
[BlackElo "2405"]

1.d4 d5 2.c4 c6 3.Nc3 Nf6 4.e3 e6 5.Nf3 Nbd7 6.Qc2 Be7 7.Bd3 dxc4 8.Bxc4 b5
9.Bd3 a6 10.e4 b4 11.Na4 c5 12.dxc5 Qa5 13.c6 b3+ 14.Bd2 Qxa4 15.cxd7+ Nxd7
16.Qxb3 Qxb3 17.axb3 Nc5 18.Bc2 Bb7 19.e5 Bd5 20.Nd4 f6 21.exf6 Bxf6 22.Bc3 Bxd4
23.Bxd4 Nxb3 24.Bxb3 Bxb3 25.Ra3 Bd5 26.Rg3 Rg8 27.O-O g6 28.Rc1 Kd7 29.Rh3 h5
30.Rhc3 Rac8 31.f3 Rxc3 32.Bxc3 Rc8 33.Ra1 Bc4 34.h4 Rc5 35.Ra4 Bb5 36.Rf4 Rf5
37.Re4 Rc5 38.Re1 Rd5 39.Kf2 Bd3 40.Kg3 Bc4 41.Rc1 Bb5 42.Re1 Rd3 43.Kf4 Rd5
44.g4 Rd3 45.Kg5 Rxf3 46.gxh5 gxh5 47.Kxh5 Rg3 48.Be5 Rg2 49.Kh6 Be2 50.Rc1 Rg4
51.Bf6 e5 52.Bxe5 Rxh4+  1/2-1/2